Normal view
MARC view
Entry Topical Term
001 - CONTROL NUMBER
- control field: 27069
003 - CONTROL NUMBER IDENTIFIER
- control field: ARRUPE
005 - DATE AND TIME OF LATEST TRANSACTION
- control field: 20161027122445.0
008 - FIXED-LENGTH DATA ELEMENTS
- fixed length control field: 161027|| aca||aabn | a|a d
040 ## - CATALOGING SOURCE
- Original cataloging agency: ARRUPE
- Transcribing agency: ARRUPE
150 ## - HEADING--TOPICAL TERM
- Topical term or geographic name as entry element: Love
670 ## - SOURCE DATA FOUND
- Source citation: Work cat.: (ARRUPE): Heine, E.W. 27068, Das Halsband der Taube , 1994